00367nam a2200157Ia 4500008004100000041000800041100001100049245004500060260003500105300000800140365001200148500000800160520001200168650001000180999001900190230605s2003 xx 000 0 und d aeng aKushel aThe inside track to successful Managment bViva books Mumbai c2003c2003 a304 b236h20 a303 aGeneral aF. B. c417875d417875